| 000 | 00510nam a2200181Ia 4500 | ||
|---|---|---|---|
| 005 | 20250508154711.0 | ||
| 008 | 008 250505s9999 xx 000 0 eng d | ||
| 037 | _aBooks to be hide in OPAC | ||
| 040 |
_aFEDL _beng _cFEDL |
||
| 041 |
_aeng _2eng |
||
| 084 |
_a709.54, AGR/O _qFEDL |
||
| 100 | _aAgrawala Vasudeva S | ||
| 245 | 0 | _aHeritage of Indian art | |
| 245 | 0 | _cMinistry of Information and Broadcasting | |
| 300 | _a186p. | ||
| 942 |
_cHB _h709.54, AGR/O |
||
| 999 |
_c1351661 _d1351661 |
||